| 000 | 01203cam a22003377a 4500 | ||
|---|---|---|---|
| 003 | CHAP | ||
| 005 | 20220329140217.0 | ||
| 008 | 971013s1979 r 00010 d | ||
| 010 | _a48612 | ||
| 011 | _a49584 | ||
| 035 | _a53733 | ||
| 040 | _cCHAP | ||
| 082 |
_a636.089 _bV4 |
||
| 100 | 0 | 0 |
_aVelasco, Raúl. _9118461 |
| 245 | 1 | 3 |
_aEl sistema modular y la enseñanza de la medicina veterinaria y la zootecnia _b: trabajo que presenta la Coordinación de la Asociación Mexicana... |
| 260 |
_aMéxico, D.F. : _bLos autores, _c1979 |
||
| 300 |
_a116 h. _b: ilus. |
||
| 500 | _aFotocopia | ||
| 590 |
_aBATCH-UPD _b10 _c20130110 _lUCH01 _h0049 |
||
| 590 |
_aBATCH-UPD _b10 _c20130110 _lUCH01 _h2309 |
||
| 590 |
_aBATCH-UPD _b10 _c20130409 _lUCH01 _h2035 |
||
| 590 |
_aBATCH-UPD _b10 _c20130410 _lUCH01 _h1601 |
||
| 590 |
_aBATCH-UPD _b10 _c20130914 _lUCH01 _h2102 |
||
| 590 |
_aCONVERSION _b10 _c20130109 _lUCH01 _h1327 |
||
| 650 | 1 | 4 |
_aVeterinaria _xEstudio y enseñanza. _9118996 |
| 700 | 0 |
_aSerrano, Rafael. _9105264 |
|
| 901 | _aBK | ||
| 942 | _cLIBRO | ||
| 949 |
_a636.089 V4 _bBC _cLIBRO _d-118957 _eLIBRO _h66045 _i53733 _mD _si |
||
| 949 |
_a636.089 V4 _bBC _cLIBRO _d33724000732491 _eLIBRO _fc.2 _h72104 _i53733 _mD _si |
||
| 999 |
_c48612 _d48612 |
||